000
00346nam a2200157Ia 4500
003
OSt
005
20240319144117.0
008
170524s9999 xx 000 0 und d
020
_a
1850299218
040
_c
IIMTU MEERUT
100
_a
collister-linda
245
4
_a
The sauce book
260
_b
conran octopus
260
_c
2004
942
_2
ddc
_c
02
999
_c
6899
_d
6899